| 000 | 00607nam a22002052 4500 | ||
|---|---|---|---|
| 001 | 0000008919 | ||
| 005 | 20151217160119.0 | ||
| 008 | 080617s xx 000 0 eng d | ||
| 020 |
_a0521578566 : _cKES 205 |
||
| 040 |
_aKABU _cKABU |
||
| 100 | 1 |
_aMahlangu, Lindi. _@0000159707 |
|
| 245 | 1 | 0 |
_aScary footsteps / _cLindi Mahlangu, Lungi Maseko and Joan Rankin. |
| 260 |
_aCambridge : _bC. U. P., _c1996. |
||
| 300 | _a16 p. | ||
| 700 | 1 |
_aMaseko, Lungi. _@0000159708 |
|
| 700 | 1 |
_aRankin, Joan. _@0000132281 |
|
| 908 | _a080617 | ||
| 950 | _@1 | ||
| 999 |
_c14466 _d14466 |
||